Reprezentacje, które zdobyły medale podczas MŚ - Statystyki

Ogólne statystyki
  • Ten quiz został rozwiązany 425 razy
  • Średni wynik to 8 z 9
Statystyki odpowiedzi
Liczba medali Reprezentacja % Poprawnych
2 Hiszpania/Czechosłowacja/Węgry/Chorwacja/Polska/Austria/Belgia/Portugalia/Jugosławia
100%
5 Argentyna/Urugwaj/Holandia
99%
11 Brazylia
99%
13 Niemcy
98%
6 Francja
91%
8 Włochy
91%
3 Anglia
81%
1 Chile/Turcja/USA/
78%
4 Szwecja
58%
Nie znaleziono quizów pasujących do podanych kryteriów
Rozkład punktacji
Procent ludzi z każdym wynikiem
Percentyl według liczby udzielonych odpowiedzi
Twoja historia wyników
Nie rozwiązałeś tego quizu